[Event "Americana op"]
[Site "Americana"]
[Date "2009.09.07"]
[Round "6"]
[White "Alves, Brandao Renan"]
[Black "Sztokbant, Bernardo Vainzoff"]
[Result "1/2-1/2"]
[WhiteElo "2046"]
[BlackElo "1945"]
[PlyCount "41"]
[EventDate "2009.09.05"]
[EventType "swiss"]
[EventRounds "6"]
[EventCountry "BRA"]
[SourceTitle "CBM 132 Extra"]
[Source "ChessBase"]
[SourceDate "2009.11.03"]
[SourceVersion "1"]
[SourceVersionDate "2009.11.03"]
[SourceQuality "1"]

1. e4 e5 2. d4 exd4 3. Qxd4 Nc6 4. Qe3 Nf6 5. Nc3 Bb4 6. Bd2 0-0 7. 0-0-0 Re8 8. Qg3 Rxe4 9. a3 Ba5 10. f3 Nh5 11. Qh3 Rh4 12. Qf5 d6 13. Qd3 Ne5 14. Qe3 Ng3 15. Be1 Nxh1 16. Qxe5 Bxc3 17. Bxc3 Qf8 18. Qg5 Rxh2 19. Bxg7 Qxg7 20. Qd8+ Qf8 21. Qg5+ 1/2-1/2